| 000 | 01022nam a2200229 i 4500 | ||
|---|---|---|---|
| 001 | 124946 | ||
| 003 | ES-MaACL | ||
| 005 | 20230906192527.0 | ||
| 007 | t| | ||
| 008 | 070424s1934 sp ||||1| spa d | ||
| 100 | 1 |
_aPosada, Carlos G. ( _d1890-1948) _993318 |
|
| 245 | 1 | 3 |
_aLa conservación de los derechos del emigrante en los seguros de invalidez, vejez y muerte, ante la XVIII Conferencia Internacional del Trabajo / _cpor Carlos G. Posada. |
| 260 |
_aMadrid : _b[s.n.], _c1934 ( _fImp. y Enc. de los Sobrinos de la Sucesora de M. Minuesa de los Ríos) |
||
| 300 |
_a51 p. ; _c20 cm. |
||
| 490 | 1 |
_aPublicaciones del Instituto Nacional de Previsión ; _v437 |
|
| 611 | 2 | 4 |
_aConferencia Internacional del Trabajo ( _n18ª. _d1934. _cGinebra) _9171584 |
| 650 | 0 | 0 |
_aEmigración e inmigración- _xDerecho. _912186 |
| 710 | 2 |
_aInstituto Nacional de Previsión (España) _95180 |
|
| 830 | 1 |
_aPublicaciones del Instituto Nacional de Previsión ; _v437 _9181151 |
|
| 852 |
_aES-MaACL _jC-12661(10) |
||
| 999 |
_c124946 _d124946 |
||